[Event "Skopje ol (Men)"]
[Site "Skopje MKD"]
[Date "1972.??.??"]
[Round "3"]
[White "Durao, Joaquim"]
[Black "Fye Chan, MF."]
[Result "0-1"]
[WhiteElo "2295"]
[BlackElo "2200"]
[PlyCount "94"]
[EventDate "1972.09.??"]
[Source "www.chesslib.no"]
[SourceDate "2004.05.04"]

1. e4 e5 2. Nf3 Nc6 3. Bb5 a6 4. Ba4 Nf6 5. O-O b5 6. Bb3 Be7 7. Re1 d6 8. c3 Na5 9. Bc2 c5 10. d4 Qc7 11. Nbd2 O-O 12. Nf1 cxd4 13. cxd4 Bg4 14. Ne3 Bxf3 15. Qxf3 Nc6 16. dxe5 Nd4 17. Qd1 dxe5 18. Bb3 Bb4 19. Rf1 Rad8 20. Bd5 Rd7 21. a3 Bc5 22. b4 Ba7 23. Bb2 Nxd5 24. Nxd5 Qd8 25. Ne3 Nf5 26. Nd5 Nd6 27. Qh5 f6 28. Rad1 Nxe4 29. Qf5 Nd6 30. Qe6+ Kh8 31. Ne3 Re8 32. Qd5 Ree7 33. Qc6 Bxe3 34. fxe3 Nc4 35. Rxd7 Qxd7 36. Qxd7 Rxd7 37. Bc1 Rd3 38. Kf2 Nxa3 39. Ke2 Rb3 40. Rd1 Kg8 41. Rd6 Nc4 42. Rxa6 Rb1 43. Kd1 Nxe3+ 44. Kd2 Nf1+ 45. Kc2 Rxb4 46. Rb6 Kf7 47. Ba3 Rg4 0-1

[Event "SVK-chT 0203"]
[Site "?"]
[Date "2002.??.??"]
[Round "1"]
[White "Hacik Radomir"]
[Black "Drtina Milan"]
[Result "1/2-1/2"]
[WhiteElo "2222"]
[BlackElo "2268"]
[PlyCount "103"]
[EventDate "2002.??.??"]
[Source "www.chesslib.no"]
[SourceDate "2004.05.04"]

1. e4 e5 2. Nf3 Nc6 3. Bb5 a6 4. Ba4 Nf6 5. O-O Be7 6. Re1 b5 7. Bb3 d6 8. c3 Na5 9. Bc2 c5 10. d4 Qc7 11. h3 Nc6 12. b3 O-O 13. Bb2 a5 14. Nbd2 b4 15. dxe5 dxe5 16. Nc4 Be6 17. cxb4 Bxc4 18. bxc4 axb4 19. Ba4 Nd4 20. Nxd4 cxd4 21. Bb5 Bc5 22. Qd3 Ra5 23. a4 bxa3 24. Bxa3 Rfa8 25. Bb2 Rxa1 26. Bxa1 Ra2 27. Rb1 Nh5 28. Bb2 Nf4 29. Qb3 Qa7 30. Kh2 g6 31. Bc6 Kg7 32. Bb5 Bd6 33. Be8 Ne6 34. Qf3 f5 35. Bc1 Nc5 36. Bc6 Ra1 37. Rxa1 Qxa1 38. Ba3 fxe4 39. Qg3 d3 40. Bxc5 Bxc5 41. Bxe4 d2 42. Bc2 Qe1 43. Qg5 Bxf2 44. Qe7+ Kh6 45. Qf8+ Kh5 46. g4+ Kg5 47. Qe7+ Kf4 48. Qf6+ Ke3 49. Qxe5+ Kf3 50. Qd5+ Kf4 51. Qd6+ Kg5 52. Qd8+ 1/2-1/2

[Event "POL-chT2"]
[Site "?"]
[Date "1998.??.??"]
[Round "?"]
[White "Smagacz Dariusz"]
[Black "Polkowski Piotr"]
[Result "1-0"]
[WhiteElo "2255"]
[BlackElo "2225"]
[PlyCount "55"]
[EventDate "1998.??.??"]
[Source "www.chesslib.no"]
[SourceDate "2004.05.04"]

1. e4 e5 2. Nf3 Nc6 3. Bb5 a6 4. Ba4 Nf6 5. O-O b5 6. Bb3 Be7 7. Re1 d6 8. c3 Na5 9. Bc2 c5 10. a4 Bb7 11. d4 Qc7 12. axb5 axb5 13. Na3 Ba6 14. b4 cxb4 15. cxb4 Nc6 16. Nxb5 Qb8 17. Nc3 Qxb4 18. Nd5 Nxd5 19. exd5 Nxd4 20. Nxd4 Qxd4 21. Qxd4 exd4 22. Ba4+ Kd8 23. Bc6 Ra7 24. Bb5 Bxb5 25. Rxa7 Bd7 26. Bd2 Bf6 27. Ba5+ Kc8 28. Rc1+ 1-0

[Event "Skopje ol (Men)"]
[Site "Skopje MKD"]
[Date "1972.??.??"]
[Round "7"]
[White "Fuller, Maxwell L"]
[Black "Gomez"]
[Result "1-0"]
[WhiteElo "2280"]
[BlackElo "2200"]
[PlyCount "53"]
[EventDate "1972.09.??"]
[Source "www.chesslib.no"]
[SourceDate "2004.05.04"]

1. e4 e5 2. Nf3 Nc6 3. Bb5 a6 4. Ba4 Nf6 5. O-O Be7 6. Re1 b5 7. Bb3 d6 8. c3 Na5 9. Bc2 c5 10. d4 Qc7 11. a4 O-O 12. axb5 cxd4 13. cxd4 Bg4 14. bxa6 Bxf3 15. gxf3 Nh5 16. d5 Rfc8 17. Bd3 Bh4 18. b4 Qb6 19. Be3 Qxb4 20. Ra4 Qb2 21. Rxa5 Nf4 22. Bf1 Rc2 23. Rb5 Qa2 24. a7 Rf8 25. Qxc2 Qxc2 26. Rb8 Qc7 27. Rxf8+ 1-0

[Event "SVK-ch"]
[Site "Nova Bana"]
[Date "1983.??.??"]
[Round "12"]
[White "Kalisky, Vladimir"]
[Black "Drtina, Milan"]
[Result "0-1"]
[WhiteElo "2200"]
[BlackElo "2275"]
[PlyCount "88"]
[EventDate "1983.??.??"]
[Source "ChessBase"]

1. e4 e5 2. Nf3 Nc6 3. Bb5 a6 4. Ba4 Nf6 5. O-O Be7 6. Re1 b5 7. Bb3 d6 8. c3 Na5 9. Bc2 c5 10. h3 Qc7 11. d4 Bd7 12. d5 O-O 13. Nbd2 Ne8 14. a4 b4 15. c4 f5 16. exf5 Bxf5 17. b3 Qd7 18. Bxf5 Qxf5 19. Ne4 h6 20. Ra2 Nb7 21. Rae2 g5 22. Nxe5 dxe5 23. Ng3 Qf7 24. Rxe5 Qxf2+ 25. Kh1 Bd6 26. Ne4 Qxe1+ 27. Qxe1 Bxe5 28. h4 Ng7 29. hxg5 hxg5 30. Bxg5 Rae8 31. g3 Bd4 32. Bf4 Rxf4 33. gxf4 Nd6 34. Qh4 Nxe4 35. Kg2 Nf6 36. Qh3 Ngh5 37. Qf5 Re2+ 38. Kh3 Re7 39. Qc8+ Kf7 40. Qxa6 Nxf4+ 41. Kg3 Ng6 42. a5 Re3+ 43. Kg2 Nf4+ 44. Kf1 Rc3 0-1

[Event "Werfen op-A"]
[Site "?"]
[Date "1996.??.??"]
[Round "2"]
[White "Euler Gerd"]
[Black "Hicker Harald"]
[Result "1-0"]
[WhiteElo "2365"]
[BlackElo "2105"]
[PlyCount "121"]
[EventDate "1996.??.??"]
[Source "www.chesslib.no"]
[SourceDate "2004.05.04"]

1. e4 e5 2. Nf3 Nc6 3. Bb5 a6 4. Ba4 Nf6 5. O-O Be7 6. Re1 b5 7. Bb3 d6 8. c3 Na5 9. Bc2 c5 10. d4 Qc7 11. a4 Rb8 12. axb5 axb5 13. dxe5 dxe5 14. Nxe5 Qxe5 15. Rxa5 Ng4 16. f4 Qc7 17. Ra1 c4 18. Re2 Qb6+ 19. Kh1 Nf2+ 20. Rxf2 Qxf2 21. Nd2 O-O 22. Qg1 Qxg1+ 23. Kxg1 Bc5+ 24. Kf1 Be3 25. f5 Re8 26. Nf3 Bxc1 27. Rxc1 Bb7 28. Re1 Ra8 29. Nd4 Re5 30. Nf3 Rc5 31. Nd4 Ra2 32. e5 Rxb2 33. e6 Kf8 34. Re2 f6 35. g4 Ke7 36. h4 h6 37. g5 hxg5 38. hxg5 fxg5 39. Rh2 Rxc2 40. Rxc2 Be4 41. Ra2 Bxf5 42. Ra7+ Kd6 43. Rd7+ Ke5 44. Rxg7 Bh3+ 45. Kf2 Kf6 46. Rf7+ Kg6 47. Rf3 Bg4 48. Re3 b4 49. cxb4 Rd5 50. Re4 Bxe6 51. Rxe6+ Kf7 52. Re4 Kf6 53. Ne2 Rb5 54. Rxc4 Ke6 55. Nc3 Rb8 56. Ke3 Kd6 57. b5 Rh8 58. Rc6+ Kd7 59. Rg6 Rh3+ 60. Kd4 Rg3 61. Ne4 1-0

[Event "Guarapuava Open"]
[Site "Guarapuava BRA"]
[Date "1992.??.??"]
[Round "?"]
[White "Van Riemsdijk, Herman C"]
[Black "Chaves, Joara"]
[Result "1-0"]
[WhiteElo "2425"]
[BlackElo "2040"]
[PlyCount "99"]
[EventDate "1992.07.??"]
[Source "www.chesslib.no"]
[SourceDate "2004.05.04"]

1. e4 e5 2. Nf3 Nc6 3. Bb5 a6 4. Ba4 Nf6 5. O-O Be7 6. Re1 b5 7. Bb3 d6 8. c3 Na5 9. Bc2 c5 10. d4 Nd7 11. Nbd2 O-O 12. Nf1 Nc6 13. Ne3 cxd4 14. cxd4 Bf6 15. d5 Nb4 16. Bb1 a5 17. a3 Na6 18. b4 a4 19. Bd3 Qb6 20. Nf5 g6 21. Be3 Qb8 22. Nh6+ Kh8 23. Qe2 Bg7 24. Bxb5 f5 25. Bg5 fxe4 26. Nd2 Nf6 27. Bc6 Bb7 28. Nxe4 Nxe4 29. Qxe4 Bxc6 30. dxc6 Qb6 31. Be3 Qb5 32. Rad1 Rad8 33. Rd5 Qxc6 34. b5 Qa8 35. bxa6 Qxa6 36. Rdd1 Qa5 37. Qd5 Qxd5 38. Rxd5 Bf6 39. Ng4 Be7 40. f3 Rc8 41. Ra5 h6 42. Nf2 Rc4 43. Ne4 Rd8 44. Rd5 Rb8 45. Nxd6 Rc2 46. Nb5 Rb2 47. Nc3 Bxa3 48. Nxa4 Rc2 49. Rxe5 Kg8 50. Bc5 1-0

[Event "LTU-ch"]
[Site "Vilnius"]
[Date "2000.03.29"]
[Round "5"]
[White "Jatautis, Donatas"]
[Black "Petrauskas, Rimvydas"]
[Result "1/2-1/2"]
[WhiteElo "2155"]
[BlackElo "2260"]
[PlyCount "56"]
[EventDate "2000.03.25"]
[Source "ChessBase"]
[SourceDate "2000.05.11"]

1. e4 e5 2. Nf3 Nc6 3. Bb5 a6 4. Ba4 Nf6 5. O-O b5 6. Bb3 Be7 7. Re1 d6 8. c3 Na5 9. Bc2 c5 10. d4 Qc7 11. Nbd2 Bg4 12. h3 Bh5 13. dxe5 dxe5 14. Nf1 h6 15. Ng3 Bg6 16. Nh4 O-O 17. Nhf5 Rfe8 18. Qf3 Qc6 19. h4 Bf8 20. h5 Bh7 21. Nf1 Bxf5 22. Qxf5 Qe6 23. Qf3 Qg4 24. Qxg4 Nxg4 25. f3 Nf6 26. g4 Ra7 27. Be3 Nc4 28. b3 Nxe3 1/2-1/2

[Event "Novy Smokovec"]
[Site "Novy Smokovec"]
[Date "1971.??.??"]
[Round "10"]
[White "Privara, Igor"]
[Black "Bugar, Anton"]
[Result "1-0"]
[WhiteElo "2200"]
[BlackElo "2200"]
[PlyCount "81"]
[EventDate "1971.??.??"]
[Source "ChessBase"]

1. e4 e5 2. Nf3 Nc6 3. Bb5 a6 4. Ba4 Nf6 5. O-O Be7 6. Re1 b5 7. Bb3 d6 8. c3 Na5 9. Bc2 c5 10. d4 Qc7 11. a4 Rb8 12. axb5 axb5 13. dxe5 dxe5 14. Nbd2 Nc6 15. Nf1 O-O 16. Ng3 Rd8 17. Qe2 Be6 18. h3 b4 19. Ng5 bxc3 20. bxc3 Na5 21. Nxe6 fxe6 22. Qa6 Nc6 23. Qc4 Kf7 24. Bb3 Qc8 25. Be3 Rb6 26. Reb1 Nb8 27. Ba2 Nbd7 28. Nf5 Bf8 29. Rd1 Qc6 30. Nd6+ Qxd6 31. Rxd6 Rxd6 32. f3 Nh5 33. Kh2 Nf4 34. Bxf4 exf4 35. e5 Rc6 36. Qxf4+ Kg8 37. Rd1 Be7 38. Qe4 Nxe5 39. Rxd8+ Bxd8 40. f4 Ra6 41. Qxe5 1-0

[Event "URS-chT"]
[Site "Riga"]
[Date "1975.??.??"]
[Round "?"]
[White "Ballyev"]
[Black "Mordvintsev, V."]
[Result "1/2-1/2"]
[WhiteElo "2200"]
[BlackElo "2200"]
[PlyCount "114"]
[EventDate "1975.??.??"]
[Source "ChessBase"]

1. e4 e5 2. Nf3 Nc6 3. Bb5 a6 4. Ba4 Nf6 5. O-O Be7 6. Re1 b5 7. Bb3 d6 8. c3 Na5 9. Bc2 c5 10. d4 Qc7 11. d5 O-O 12. h3 Nd7 13. Nbd2 c4 14. Nf1 Nc5 15. Ng3 Nab7 16. Be3 a5 17. Qd2 a4 18. Reb1 Na5 19. Rd1 Ra6 20. Qe2 Bd7 21. Re1 Rb8 22. a3 Nab3 23. Rad1 g6 24. Bh6 Qd8 25. Qe3 Bf8 26. Rf1 f6 27. Nh2 Ra7 28. Ng4 Bxg4 29. hxg4 Qd7 30. f3 Na5 31. Kf2 Qc8 32. Rh1 Rf7 33. Rh3 Nd7 34. Qe1 Bxh6 35. Rxh6 Nf8 36. Ke2 Nb7 37. Qg1 Ra8 38. Qe3 Qc5 39. Qc1 Qc7 40. Rdh1 Qd8 41. Nf1 Rc7 42. Ne3 Qe7 43. Qe1 Nd8 44. Qh4 Qg7 45. Qe1 Qe7 46. Bb1 Nf7 47. R6h4 Qd8 48. Nc2 Qe8 49. Nb4 Nd8 50. Qd2 Rg7 51. Qe3 Rb8 52. Kd1 Rbb7 53. Bc2 Qd7 54. Kc1 Qc7 55. Kb1 Qc5 56. Qd2 Qb6 57. Rd1 Rbd7 1/2-1/2

[Event "Corr"]
[Site "?"]
[Date "2001.09.23"]
[Round "?"]
[White "Balabaev Farid Gasisovich"]
[Black "Malmstroem Jan"]
[Result "1-0"]
[WhiteElo "2342"]
[BlackElo "2037"]
[PlyCount "75"]
[EventDate "2001.??.??"]
[Source "www.chesslib.no"]
[SourceDate "2004.05.04"]

1. e4 e5 2. Nf3 Nc6 3. Bb5 a6 4. Ba4 Nf6 5. O-O Be7 6. Re1 b5 7. Bb3 d6 8. c3 Na5 9. Bc2 O-O 10. d4 exd4 11. cxd4 c5 12. dxc5 dxc5 13. Nc3 Bb7 14. e5 Nd5 15. Qd3 g6 16. Rd1 Nb4 17. Qe2 Qc7 18. Be4 Rad8 19. Bh6 Rfe8 20. a3 Bxe4 21. Qxe4 Nbc6 22. Nd5 Qb7 23. Qf4 Nd4 24. Nf6+ Bxf6 25. Qxf6 Ne6 26. Ng5 Rd7 27. Rxd7 Qxd7 28. Ne4 Qd8 29. Re1 Nc4 30. h3 Nxb2 31. f4 Nd3 32. Re3 Ndxf4 33. Bxf4 b4 34. Bh6 bxa3 35. Rxa3 Qd4+ 36. Re3 Qd1+ 37. Kh2 Qd8 38. Rb3 1-0

[Event "CZE-ch (Women)"]
[Site "?"]
[Date "2001.??.??"]
[Round "?"]
[White "Ptacnikova Lenka"]
[Black "Tallova Ivana"]
[Result "0-1"]
[WhiteElo "2270"]
[BlackElo "2105"]
[PlyCount "76"]
[EventDate "2001.??.??"]
[Source "www.chesslib.no"]
[SourceDate "2004.05.04"]

1. e4 e5 2. Nf3 Nc6 3. Bb5 a6 4. Ba4 b5 5. Bb3 Nf6 6. O-O d6 7. Re1 Be7 8. c3 Na5 9. Bc2 c5 10. d4 Nc6 11. h3 O-O 12. a4 Bd7 13. Nbd2 Re8 14. Nf1 Qc7 15. d5 Na5 16. g4 g6 17. Ng3 Kh8 18. Ng5 Rf8 19. axb5 Bxb5 20. b3 Ng8 21. c4 Bd7 22. Nf3 Bf6 23. Bd2 Nb7 24. Ra3 Ne7 25. Bc3 Bg7 26. Nh4 Qd8 27. Qa1 Nxd5 28. Nxg6+ fxg6 29. exd5 a5 30. Ne4 Qh4 31. Re3 Rf4 32. Qe1 Raf8 33. Bd1 Bh6 34. Nxd6 Rxf2 35. Bxe5+ Kg8 36. Bg3 Rf1+ 37. Qxf1 Rxf1+ 38. Kxf1 Qxh3+ 0-1

[Event "SVK-chT1E 9899"]
[Site "?"]
[Date "1999.??.??"]
[Round "5"]
[White "Papanetz Peter"]
[Black "Giertli Vladimir"]
[Result "1-0"]
[WhiteElo "2225"]
[BlackElo "2140"]
[PlyCount "131"]
[EventDate "1999.??.??"]
[Source "www.chesslib.no"]
[SourceDate "2004.05.04"]

1. e4 e5 2. Nf3 Nc6 3. Bb5 a6 4. Ba4 Nf6 5. O-O Be7 6. Re1 b5 7. Bb3 d6 8. c3 Na5 9. Bc2 c5 10. d3 Bg4 11. Nbd2 O-O 12. h3 Bxf3 13. Nxf3 Re8 14. d4 Qc7 15. d5 Nc4 16. Nh2 Nb6 17. Nf1 a5 18. Ne3 Bf8 19. Nf5 g6 20. Nh6+ Kg7 21. h4 b4 22. Qf3 Ng8 23. Nxg8 Kxg8 24. h5 Ra7 25. g3 h6 26. hxg6 fxg6 27. Kg2 Bg7 28. Rh1 g5 29. Qf5 Rf8 30. Qg4 Qd8 31. Bd3 Raf7 32. Rf1 Nd7 33. cxb4 axb4 34. Qe2 Nf6 35. a4 Qc8 36. Bd2 Ng4 37. f3 Nf6 38. a5 Ra7 39. Bc4 Ne8 40. Be3 Qd8 41. a6 Qb6 42. Ra4 Nc7 43. Rfa1 Ne8 44. Ra5 Nc7 45. Qc2 Qb8 46. Qa4 Qd8 47. Rf1 Kh8 48. Qc6 Qf6 49. Qb6 Rfa8 50. b3 Kh7 51. Qc6 Qg6 52. g4 Qf6 53. Rh1 Qd8 54. Rh5 Nxd5 55. Qxd5 Qxa5 56. Bxg5 Qa2+ 57. Kg3 Qa1 58. Be3 Rf8 59. Rf5 Raa8 60. Bf2 Qc1 61. Kg2 Rad8 62. a7 Qa1 63. Qb7 Rxf5 64. gxf5 Qc1 65. Qe7 Rf8 66. Bd5 1-0

[Event "Moscow ol women"]
[Site "Moscow RUS"]
[Date "1994.??.??"]
[Round "7"]
[White "Hernandez, Tania"]
[Black "Lindri, Juni Wijayanti"]
[Result "0-1"]
[WhiteElo "2175"]
[BlackElo "2170"]
[PlyCount "120"]
[EventDate "1994.11.??"]
[Source "www.chesslib.no"]
[SourceDate "2004.05.04"]

1. e4 e5 2. Nf3 Nc6 3. Bb5 a6 4. Ba4 Nf6 5. O-O b5 6. Bb3 Be7 7. Re1 d6 8. c3 Na5 9. Bc2 c5 10. d3 O-O 11. h3 Qc7 12. Nbd2 Re8 13. Nf1 Bf8 14. Ng3 g6 15. Bg5 Bg7 16. Qd2 Rb8 17. Rac1 Be6 18. Bb1 Qb6 19. b4 Nc6 20. Be3 Nd7 21. Ng5 Qb7 22. Nxe6 Rxe6 23. a3 Ree8 24. Ba2 Ne7 25. Bb3 Rbc8 26. Qa2 Rf8 27. Rf1 Nb6 28. bxc5 dxc5 29. c4 b4 30. axb4 cxb4 31. c5 Nd7 32. Rc2 Nc6 33. Bd5 Ndb8 34. Ne2 Qb5 35. Bc4 Qb7 36. Ra1 a5 37. Nc1 Nd7 38. Qa4 Ra8 39. Bd5 Ndb8 40. Rca2 Ra7 41. Qc2 Kh8 42. Nb3 Qc7 43. Ra4 f5 44. f3 g5 45. Bxg5 f4 46. Bh4 Bf6 47. Bf2 h6 48. Qa2 Bd8 49. d4 Qg7 50. Bxc6 Nxc6 51. d5 Rg8 52. Be1 Nd4 53. Nxd4 exd4 54. Rb1 Rb7 55. Qd2 Rb5 56. Rc1 Bf6 57. c6 Be5 58. Bh4 d3 59. g4 fxg3 60. Qxd3 Qa7+ 0-1

[Event "Austria"]
[Site "?"]
[Date "1999.12.05"]
[Round "5.5"]
[White "Winiwarter Felix"]
[Black "Hackbarth Wolfgang"]
[Result "1/2-1/2"]
[WhiteElo "2185"]
[BlackElo "2157"]
[PlyCount "46"]
[EventDate "1999.??.??"]
[Source "www.chesslib.no"]
[SourceDate "2004.05.04"]

1. e4 e5 2. Nf3 Nc6 3. Bb5 a6 4. Ba4 Nf6 5. O-O b5 6. Bb3 Be7 7. Re1 d6 8. c3 Na5 9. Bc2 c5 10. d4 Qc7 11. Nbd2 O-O 12. d5 g6 13. Nf1 Nh5 14. Bh6 Ng7 15. Ng3 Bd7 16. h3 f6 17. Qd2 Nb7 18. Nh2 a5 19. f4 exf4 20. Qxf4 Nd8 21. Ng4 Nf7 22. Bxg7 Kxg7 23. Rf1 Ne5 1/2-1/2

[Event "WYCC 2008 U16 boys"]
[Site "Vung Tau City VIE"]
[Date "2008.10.26"]
[Round "7.16"]
[White "Vlasak, Lukas"]
[Black "Tran, Ngoc Lan"]
[Result "1/2-1/2"]
[WhiteElo "2161"]
[BlackElo "2160"]
[PlyCount "83"]
[EventDate "2008.10.20"]
[Source "www.chesslib.no"]
[SourceDate "2004.05.04"]

1. e4 e5 2. Nf3 Nc6 3. Bb5 a6 4. Ba4 Nf6 5. O-O Be7 6. Re1 b5 7. Bb3 d6 8. c3 Na5 9. Bc2 c5 10. d4 cxd4 11. cxd4 Qc7 12. Nc3 O-O 13. Bg5 Nc4 14. Bxf6 Bxf6 15. Nd5 Qd8 16. b3 Nb6 17. Qd3 Nxd5 18. exd5 g6 19. dxe5 dxe5 20. Rad1 e4 21. Qxe4 Bf5 22. Qe2 Bc3 23. Bxf5 Bxe1 24. Qxe1 gxf5 25. Qe5 f6 26. Qxf5 Qc8 27. Qf4 Qc2 28. Rc1 Qxa2 29. Nd4 Rac8 30. Rxc8 Rxc8 31. Qg4+ Kf7 32. Qd7+ Kg6 33. Qf5+ Kf7 34. Qxh7+ Kf8 35. Qh8+ Kf7 36. Qh7+ Kf8 37. Qh6+ Kf7 38. Qh5+ Kf8 39. Qh8+ Kf7 40. Qh5+ Kf8 41. Qh6+ Kf7 42. Qh7+ 1/2-1/2

[Event "Moscow RUS"]
[Site "?"]
[Date "1999.??.??"]
[Round "1"]
[White "Gutov Andrei"]
[Black "Stom Galina"]
[Result "1-0"]
[WhiteElo "2278"]
[BlackElo "2038"]
[PlyCount "69"]
[EventDate "1999.??.??"]
[Source "www.chesslib.no"]
[SourceDate "2004.05.04"]

1. e4 e5 2. Nf3 Nc6 3. Bb5 a6 4. Ba4 Nf6 5. O-O Be7 6. Re1 b5 7. Bb3 d6 8. c3 Na5 9. Bc2 c5 10. d4 Nc6 11. d5 Nb8 12. a4 bxa4 13. Bxa4+ Bd7 14. Nbd2 Bxa4 15. Qxa4+ Qd7 16. Nc4 Qxa4 17. Rxa4 Nbd7 18. Bg5 O-O 19. Rea1 h6 20. Bxf6 Nxf6 21. Nfd2 Rfb8 22. Rxa6 Rxa6 23. Rxa6 Ne8 24. Kf1 g6 25. f3 Kg7 26. Ke2 Rb7 27. Kd3 Nc7 28. Rc6 Nb5 29. Ra6 Nc7 30. Nxd6 Rxb2 31. Rc6 Bxd6 32. Rxd6 Ne8 33. Rc6 Rb5 34. Nc4 f6 35. Rc8 1-0

[Event "JUG Team Ch women"]
[Site "Becici"]
[Date "1993.??.??"]
[Round "?"]
[White "Strizak, Natasa"]
[Black "Bjelajac Prokopovic, Olivera"]
[Result "1-0"]
[WhiteElo "2185"]
[BlackElo "2125"]
[PlyCount "107"]
[EventDate "1993.??.??"]
[Source "www.chesslib.no"]
[SourceDate "2004.05.04"]

1. e4 e5 2. Nf3 Nc6 3. Bb5 a6 4. Ba4 Nf6 5. O-O Be7 6. Re1 b5 7. Bb3 d6 8. c3 Na5 9. Bc2 c5 10. h3 Qc7 11. d4 h6 12. d5 g5 13. Nh2 Bd7 14. Nd2 Qc8 15. b4 Nb7 16. a4 cxb4 17. cxb4 Qc3 18. Ba3 Rc8 19. Bb3 Qd4 20. Nhf3 Qa7 21. Nh2 Rg8 22. axb5 axb5 23. Bb2 Qb6 24. Ng4 Nxg4 25. hxg4 h5 26. gxh5 g4 27. g3 Rh8 28. Kg2 Rxh5 29. Nf1 Bg5 30. Bc1 Ke7 31. Bxg5+ Rxg5 32. Ne3 Rh8 33. Qd2 Rgh5 34. Kf1 R8h6 35. Bc2 Rh1+ 36. Ke2 R1h2 37. Rf1 f6 38. Ra8 Nd8 39. Nf5+ Bxf5 40. exf5 Qb7 41. Ra5 Nf7 42. Qd3 Ng5 43. Rfa1 Qb6 44. Qe3 Rxf2+ 45. Qxf2 Qxf2+ 46. Kxf2 Rh2+ 47. Ke3 Rxc2 48. Ra7+ Kf8 49. Ra8+ Kg7 50. R1a7+ Nf7 51. Rb8 Rc3+ 52. Kf2 Rf3+ 53. Kg2 Rxf5 54. Rbb7 1-0

[Event "20th Belgrade Trophy"]
[Site "Belgrade SRB"]
[Date "2007.11.22"]
[Round "1"]
[White "Zivkovic, S."]
[Black "Nesovanovic, M."]
[Result "1-0"]
[WhiteElo "2323"]
[BlackElo "1985"]
[PlyCount "139"]
[EventDate "2007.11.22"]
[Source "www.chesslib.no"]
[SourceDate "2004.05.04"]

1. e4 e5 2. Nf3 Nc6 3. Bb5 a6 4. Ba4 Nf6 5. O-O Be7 6. Re1 b5 7. Bb3 d6 8. c3 Na5 9. Bc2 c5 10. h3 Qc7 11. d4 cxd4 12. cxd4 Bb7 13. Nbd2 Rc8 14. Bd3 Nc6 15. a3 O-O 16. b4 Nxd4 17. Nxd4 exd4 18. Bb2 Nd7 19. f4 Bf6 20. Qg4 Rfd8 21. Rac1 Qb6 22. Nf3 g6 23. Kh1 Rxc1 24. Rxc1 Bg7 25. Qh4 Bf6 26. Qf2 Rc8 27. Re1 Bg7 28. g4 a5 29. g5 Re8 30. Kh2 axb4 31. axb4 Ra8 32. Bxd4 Bxd4 33. Qxd4 Ra2+ 34. Re2 Rxe2+ 35. Bxe2 Qc6 36. Bd3 Nb6 37. Kg3 Nc4 38. Nh2 Bc8 39. Nf3 Qd7 40. f5 gxf5 41. exf5 d5 42. Qf6 Qd6+ 43. Qxd6 Nxd6 44. Kf4 Nc4 45. h4 h6 46. Nd4 Bd7 47. f6 hxg5+ 48. hxg5 Kf8 49. Bf5 Be8 50. Bg4 Nb2 51. Bf5 Nc4 52. Bc8 Nb2 53. Bf5 Nc4 54. Nb3 Bc6 55. Na5 Be8 56. Nb7 Bc6 57. Nd8 Be8 58. Bg4 Nb2 59. Ke3 Nc4+ 60. Kd4 Kg8 61. Bf3 Nb6 62. Kc5 Nd7+ 63. Kxd5 Nf8 64. Be4 Bd7 65. Kd6 Bg4 66. Ke7 Bh5 67. Ke8 Nh7 68. Bxh7+ Kxh7 69. Ke7 Kg8 70. Nb7 1-0

[Event "Pfalz-ch"]
[Site "?"]
[Date "2000.??.??"]
[Round "3"]
[White "Niebergall Gerhard"]
[Black "Schluchter Steffen"]
[Result "1/2-1/2"]
[WhiteElo "2129"]
[BlackElo "2161"]
[PlyCount "20"]
[EventDate "2000.??.??"]
[Source "www.chesslib.no"]
[SourceDate "2004.05.04"]

1. e4 e5 2. Nf3 Nc6 3. Bb5 d6 4. O-O Nf6 5. Re1 a6 6. Ba4 b5 7. Bb3 Be7 8. c3 Na5 9. Bc2 c5 10. d4 O-O 1/2-1/2

[Event "Budapest HUN"]
[Site "?"]
[Date "1998.??.??"]
[Round "?"]
[White "Harmatosi Jozsef"]
[Black "Lukacs Jozsef"]
[Result "1/2-1/2"]
[WhiteElo "2180"]
[BlackElo "2105"]
[PlyCount "27"]
[EventDate "1998.??.??"]
[Source "www.chesslib.no"]
[SourceDate "2004.05.04"]

1. e4 e5 2. Nf3 Nc6 3. Bb5 a6 4. Ba4 d6 5. O-O Nf6 6. Re1 Be7 7. c3 b5 8. Bb3 Na5 9. Bc2 c5 10. d4 cxd4 11. cxd4 Bg4 12. Nc3 O-O 13. h3 Bxf3 14. Qxf3 1/2-1/2

[Event "15sen.LSEM NRW op"]
[Site "?"]
[Date "2004.05.16"]
[Round "9.1"]
[White "Rosen Willy"]
[Black "Rudnik Heinz"]
[Result "1/2-1/2"]
[WhiteElo "2234"]
[BlackElo "2043"]
[PlyCount "56"]
[EventDate "2004.??.??"]
[Source "www.chesslib.no"]
[SourceDate "2004.05.04"]

1. e4 e5 2. Nf3 Nc6 3. Bb5 a6 4. Ba4 Nf6 5. O-O Be7 6. Re1 b5 7. Bb3 d6 8. c3 Na5 9. Bc2 c5 10. d4 Qc7 11. b3 O-O 12. Nbd2 Bb7 13. d5 Bc8 14. Nf1 Ne8 15. Ng3 g6 16. Bh6 Ng7 17. Qd2 Nb7 18. h3 Nd8 19. Rad1 f6 20. Nh2 Nf7 21. Be3 a5 22. Ng4 b4 23. Nh6+ Nxh6 24. Bxh6 Bd7 25. Ne2 Rf7 26. Bd3 f5 27. Bxg7 Rxg7 28. a4 f4 1/2-1/2

[Event "EU-ch U16 Girls"]
[Site "Chalkidiki"]
[Date "2000.10.03"]
[Round "2"]
[White "Ivkina, Olga"]
[Black "Barasiant, Mariana"]
[Result "0-1"]
[WhiteElo "2233"]
[BlackElo "2038"]
[PlyCount "74"]
[EventDate "2000.10.02"]
[Source "ChessBase"]
[SourceDate "2000.11.10"]

1. e4 e5 2. Nf3 Nc6 3. Bb5 a6 4. Ba4 Nf6 5. O-O Be7 6. Re1 b5 7. Bb3 d6 8. c3 Na5 9. Bc2 c5 10. d4 Qc7 11. a4 Rb8 12. dxe5 dxe5 13. axb5 axb5 14. Nxe5 O-O 15. f4 Nc6 16. Nxc6 Qxc6 17. f5 c4 18. Bf4 Ra8 19. Rxa8 Qxa8 20. Nd2 Rd8 21. Qe2 Bc5+ 22. Kh1 Qc6 23. Nf3 Re8 24. Qd2 Bb7 25. e5 Nd5 26. Be4 Qd7 27. e6 fxe6 28. fxe6 Rxe6 29. Ng5 Re7 30. Bxh7+ Kh8 31. Rxe7 Qxe7 32. Be4 Nxf4 33. Qxf4 Bxe4 34. Nxe4 Ba7 35. h3 b4 36. Ng5 Qe1+ 37. Kh2 Bg1+ 0-1

[Event "Olympiad (under 16)"]
[Site "Singapore"]
[Date "2007.08.06"]
[Round "2"]
[White "Darini Pouria (IRI)"]
[Black "Tran Ngoc Lan"]
[Result "0-1"]
[WhiteElo "2183"]
[BlackElo "2073"]
[PlyCount "98"]
[EventDate "2007.??.??"]
[Source "www.chesslib.no"]
[SourceDate "2004.05.04"]

1. e4 e5 2. Nf3 Nc6 3. Bb5 a6 4. Ba4 Nf6 5. O-O Be7 6. Re1 b5 7. Bb3 d6 8. c3 Na5 9. Bc2 c5 10. d4 cxd4 11. cxd4 Qc7 12. Nbd2 Bg4 13. h3 Bh5 14. a4 O-O 15. d5 Rfc8 16. Bd3 b4 17. g4 Bg6 18. Nh4 Nd7 19. Nf5 Nc5 20. Bf1 h6 21. b3 Bg5 22. Rb1 Bxf5 23. gxf5 Qe7 24. Qg4 Kh7 25. Nf3 Bxc1 26. Rexc1 Naxb3 27. Rd1 a5 28. Bb5 Qf6 29. Re1 Ra7 30. h4 Nd4 31. Nxd4 exd4 32. f4 Re7 33. e5 dxe5 34. d6 Qxd6 35. f6 Qxf6 36. Qxc8 Qxf4 37. Rb2 Qg3+ 38. Kf1 Re6 39. Rf2 Nd3 40. Bxd3+ Qxd3+ 41. Ree2 e4 42. Rxf7 Qh3+ 43. Rg2 Rf6+ 44. Kg1 Qe3+ 45. Kh2 Rxf7 46. Qe6 Qf4+ 47. Kg1 Qf5 48. Qc4 d3 49. h5 e3 0-1